Governance in India (Record no. 240813)

MARC details
000 -LEADER
fixed length control field 02518nam a22002537a 4500
005 - DATE AND TIME OF LATEST TRANSACTION
control field 20260123091828.0
008 - FIXED-LENGTH DATA ELEMENTS--GENERAL INFORMATION
fixed length control field 260123b |||||||| |||| 00| 0 eng d
020 ## - INTERNATIONAL STANDARD BOOK NUMBER
International Standard Book Number 9789364441353
040 ## - CATALOGING SOURCE
Transcribing agency AL
041 ## - LANGUAGE CODE
Language code of text/sound track or separate title English
082 ## - DEWEY DECIMAL CLASSIFICATION NUMBER
Classification number 320.954
Item number LAXG
100 ## - MAIN ENTRY--PERSONAL NAME
Personal name M Laxmikanth
100 ## - MAIN ENTRY--PERSONAL NAME
9 (RLIN) 252296
245 ## - TITLE STATEMENT
Title Governance in India
Remainder of title : for civil services and state services examinations
250 ## - EDITION STATEMENT
Edition statement 4.
260 ## - PUBLICATION, DISTRIBUTION, ETC.
Place of publication, distribution, etc. Chennai
Name of publisher, distributor, etc. Mcgraw Hill Education (India) Private Limited
Date of publication, distribution, etc. 2026
300 ## - PHYSICAL DESCRIPTION
Extent xxvi,436p.
Other physical details PB
Dimensions 24x18 cm.
365 ## - TRADE PRICE
Price type code BOM5-7455949
Price amount ₹450.45
Currency code
Unit of pricing ₹474.00
Price effective from 14-01-2026
520 ## - SUMMARY, ETC.
Summary, etc. The fourth edition of Governance by M Laxmikanth comes with a massive content overhaul. Thoroughly revised and restructured, the book is now closely aligned with the evolving trends of Examinations.<br/>The edition introduces new chapters on Concept of Civil Service, Administrative Reforms and Civil Services Reforms, along with the latest developments in Indian Government Schemes. To solidify the concept of Governance, its issues, policies and to address the present challenges and developmental bottlenecks, this resource is further enriched with a consolidated document on initiatives of Indian Government on our digital platform, updated practice questions for Preliminary and Mains Examination and 12+ years of topic-wise segregated UPSC CSE Previous Years’ Questions including 2025.
Expansion of summary note Key Features:<br/>1. Three new chapters on Concept of Civil Service, Administrative Reforms, Civil Service Reforms<br/>2. Inclusion of all the recent developments in Indian governance, including key schemes, policies, acts and landmark judgements<br/>3. Comprehensive Coverage of GS Paper II syllabus with a focus on UPSC Main and State PCS examinations<br/>4. Updated and detailed exploration of the concepts and policies of Governance, the challenges, developmental bottlenecks and social justice initiatives. <br/>5. Tabular and diagrammatic representation of important content for easy memorisation.<br/>6. Fresh Practice Questions for Main and Preliminary Examination, at the end of the book, to make the aspirants exam ready. <br/>7. 12+ years of Previous Years’ CSE Main Questions on EDGE, including 2025.<br/>8. Knowledge Enrichment Content covering additional initiatives of Indian Government on EDGE
650 ## - SUBJECT ADDED ENTRY--TOPICAL TERM
Topical term or geographic name entry element Rights and Rights Issues
9 (RLIN) 252297
650 ## - SUBJECT ADDED ENTRY--TOPICAL TERM
Topical term or geographic name entry element Public Policy
9 (RLIN) 252298
650 ## - SUBJECT ADDED ENTRY--TOPICAL TERM
Topical term or geographic name entry element Public Administration and Government Structure
9 (RLIN) 252299
650 ## - SUBJECT ADDED ENTRY--TOPICAL TERM
Topical term or geographic name entry element Personnel and Financial Administration
9 (RLIN) 252300
942 ## - ADDED ENTRY ELEMENTS (KOHA)
Source of classification or shelving scheme Dewey Decimal Classification
Koha item type Book
Holdings
Withdrawn status Lost status Source of classification or shelving scheme Damaged status Not for loan Collection code Home library Current library Shelving location Date acquired Source of acquisition Cost, normal purchase price Total Checkouts Full call number Barcode Date last seen Cost, replacement price Price effective from Koha item type
    Dewey Decimal Classification     Political Science St Aloysius Library St Aloysius Library Stack Section 01/21/2026 amazon.in 450.45   320.954 LAXG 078063 01/23/2026 474.00 01/14/2026 Book